01386 2200565 4500001002100000005001500021035002000036007000300056008004100059020002200100082001400122084002000136100002100156245005000177260002600227300003500253650002000288990001600308990001600324990001600340990001600356990001600372990001600388990001600404990001600420990001600436990001600452990001600468990001600484990001600500990001600516990001600532990001600548990001600564990001600580990001600596990001600612990001600628990001600644990001600660990001600676990001600692990001600708990001600724990001600740990001600756990001600772990001600788990001600804INLIS00000000000062220181026093418 a0010-1018000067ta181026 0  a978-979-044-034-0 a616.980 3 a616.980 3 RID b0 aRidwan Harrianto1 aBuku ajar kesehatan kerja /cRidwan Harrianto aJakarta :bEGC,c2009 axiii, 288 p. :bIlus. ;c24 cm akesehatan kerja a00000002484 a00000002481 a00000002482 a00000002483 a00000002483 a00000002481 a00000002482 a00000002484 a00000002482 a00000002481 a00000002483 a00000002484 a00000002481 a00000002482 a00000002483 a00000002484 a00000002484 a00000002481 a00000002482 a00000002483 a00000002483 a00000002481 a00000002482 a00000002484 a00000002482 a00000002481 a00000002483 a00000002484 a00000002481 a00000002482 a00000002483 a00000002484